[Event "S01"]
[Site "SchemingMind.com"]
[Date "2011.05.23"]
[Round "-"]
[White "otsenrechess"]
[Black "BlackRussian"]
[Result "1-0"]
[WhiteCountry "HUN"]
[BlackCountry "GBR"]
[WhiteElo "2147"]
[WhiteRD "45"]
[BlackElo "2180"]
[BlackRD "62"]
[GameID "284882"]

1. e4 c5 2. Nf3 Nc6 3. c3 Nf6 4. e5 Nd5 5. Bc4 Nb6 6. Bb3 d5 7. exd6 Qxd6 8. Na3 Be6 9. d4 Bxb3 10. Qxb3 cxd4
11. Nb5 Qd7 12. Nbxd4 Nxd4 13. Nxd4 e5 14. Nf3 Bd6 15. Be3 O-O 16. Bxb6 axb6 17. Qxb6 Ra6 18. Qe3 Rfa8 19. a3 e4 20. Nd4 Bc5
21. O-O Bxd4 22. cxd4 Rb6 23. b4 f5 24. Rac1 Rd6 25. Rfd1 Rd8 26. Rc4 Qf7 27. Qc3 b5 28. Rc5 Rd5 29. h4 f4 30. Qc2 Qe6
31. Qe2 e3 32. fxe3 fxe3 33. Re1 Rxd4 34. Qxe3 Qxe3+ 35. Rxe3 R4d5 36. Re5 Rxe5 37. Rxe5 Ra8 38. Re3 Kf7 39. Kf2 Rc8 40. Kf3 Rc4
41. Re5 Rc3+ 42. Kf4 Rxa3 43. Rxb5 Ra1 44. g4 h6 45. Rb7+ Kf6 46. Rb6+ Kf7 47. b5 Rb1 48. Ke5 Rb2 49. Rb7+ Kg6 50. Kd5 Rb4
51. Kc5 Rxg4 52. b6 Rg2 53. Rd7 Kh5 54. b7 Rc2+ 55. Kd6 Rd2+ 56. Kc7 Rc2+ 57. Kd8 Rb2 58. Rxg7 Kxh4 59. Kc8 Rc2+ 60. Rc7
1-0

[Event "S01"]
[Site "SchemingMind.com"]
[Date "2011.05.23"]
[Round "-"]
[White "otsenrechess"]
[Black "michel"]
[Result "1-0"]
[WhiteCountry "HUN"]
[BlackCountry "CAN"]
[WhiteElo "2309"]
[WhiteRD "76"]
[BlackElo "1979"]
[BlackRD "59"]
[GameID "284883"]

1. e4 e5 2. Nf3 Nc6 3. Bb5 a6 4. Ba4 Nge7 5. c3 g6 6. d4 exd4 7. cxd4 b5 8. Bb3 Bg7 9. Nc3 O-O 10. O-O d6
11. h3 Na5 12. Bc2 c5 13. dxc5 dxc5 14. Qxd8 Rxd8 15. Be3 Nb7 16. Bg5 f6 17. Bh4 Be6 18. e5 Rf8 19. Be4 Ra7 20. Bxb7 Rxb7
21. exf6 Bxf6 22. Bxf6 Rxf6 23. Ne4 Rf4 24. Nxc5 Rb6 25. Rfe1 Rf6 26. Ng5
1-0

[Event "S01"]
[Site "SchemingMind.com"]
[Date "2011.05.23"]
[Round "-"]
[White "Aumonde"]
[Black "otsenrechess"]
[Result "0-1"]
[WhiteCountry "USA"]
[BlackCountry "HUN"]
[WhiteElo "1977"]
[WhiteRD "70"]
[BlackElo "2318"]
[BlackRD "63"]
[GameID "284884"]

1. d4 d5 2. c4 e6 3. Nc3 Nf6 4. Nf3 Be7 5. Bg5 O-O 6. e3 h6 7. Bh4 Ne4 8. Bxe7 Qxe7 9. Qc2 Nxc3 10. Qxc3 dxc4
11. Bxc4 b6 12. O-O Bb7
0-1

[Event "S01"]
[Site "SchemingMind.com"]
[Date "2011.05.25"]
[Round "-"]
[White "mi_di"]
[Black "otsenrechess"]
[Result "0-1"]
[WhiteCountry "MEX"]
[BlackCountry "HUN"]
[WhiteElo "2292"]
[WhiteRD "81"]
[BlackElo "2301"]
[BlackRD "51"]
[GameID "284885"]

1. e4 c5 2. Nc3 Nc6 3. g3 g6 4. Bg2 Bg7 5. d3 d6 6. Be3 Rb8 7. Qd2 b5 8. f4 b4 9. Nd1 Qb6 10. Nf3 Nf6
11. h3 Nd4 12. O-O O-O 13. Kh2 Rd8 14. Re1 Nd7 15. Bf2 Qa6 16. f5 Nxf3+ 17. Bxf3 Ne5 18. Bg2 gxf5 19. exf5 Bxf5 20. d4 cxd4
21. Bxd4 e6 22. Ne3 Bg6 23. a3 Nc4 24. Nxc4 Qxc4 25. Bxg7 Kxg7 26. axb4 Qxb4 27. c3 Qxb2 28. Qd4+ e5 29. Qxa7 Qxc3 30. Rac1 Qb4
31. Rf1 Rdc8 32. Rxc8 Rxc8 33. Qe7 h6 34. Qf6+ Kh7 35. h4 Rc2 36. Rf2 Rxf2 37. Qxf2 Kg7 38. Bd5 Qc3 39. Kh3 Qd3 40. Qg2 e4
0-1

[Event "S01"]
[Site "SchemingMind.com"]
[Date "2011.05.24"]
[Round "-"]
[White "krtsip"]
[Black "otsenrechess"]
[Result "0-1"]
[WhiteCountry "POL"]
[BlackCountry "HUN"]
[WhiteElo "1894"]
[WhiteRD "75"]
[BlackElo "2309"]
[BlackRD "76"]
[GameID "284886"]

1. Nf3 c5 2. g3 Nc6 3. Bg2 g6 4. d4 cxd4 5. Nxd4 Bg7 6. Nb3 Nf6 7. Nc3 O-O 8. O-O d6 9. h3 Be6 10. e4 Qd7
11. Kh2 Bc4 12. Re1 Rac8 13. Be3 Rfd8 14. Qd2 h5 15. f4 e5 16. Qf2 b5 17. Rad1 b4 18. Nd5 Nxd5 19. exd5 Ne7 20. fxe5 Bxe5
0-1

[Event "S01"]
[Site "SchemingMind.com"]
[Date "2011.05.28"]
[Round "-"]
[White "Yellow"]
[Black "otsenrechess"]
[Result "0-1"]
[WhiteCountry "INT"]
[BlackCountry "HUN"]
[WhiteElo "2351"]
[WhiteRD "62"]
[BlackElo "2136"]
[BlackRD "49"]
[GameID "284887"]

1. Nf3 c5 2. c4 Nc6 3. Nc3 g6 4. e3 Bg7 5. d4 d6 6. Be2 Bd7 7. O-O Nf6 8. d5 Na5 9. e4 O-O 10. Re1 Ng4
11. Nd2 Nf6 12. Qc2 a6 13. Nf3 Qb8 14. Bf4 b5 15. e5 Ne8 16. cxb5 dxe5 17. Bg5 f6 18. Be3 axb5 19. Bxc5 b4 20. Nd1 Nd6
21. a3 bxa3 22. Rxa3 Nab7 23. Rxa8 Qxa8 24. Ba3 Rc8 25. Nc3 Qa7 26. Qd3 Nc5 27. Qe3 Nf5 28. Qd2 Bh6 29. Qd1 Nd6 30. Nd2 f5
31. Bb4 Rb8 32. Ba3 Bg5 33. Nc4 Nce4 34. Nxe4 Nxe4 35. Rf1 Ba4 36. Qd3 Rb3 37. Qb1 Nc3 38. Qe1 Nxe2+ 39. Qxe2 Qa6 40. h4 Bxh4
41. Rc1 e4 42. Qd2 Qa7 43. Ne5 e3 44. fxe3 Qxe3+ 45. Qxe3 Rxe3 46. Rc8+ Kg7 47. Nf3 Bg3 48. Bb4 h6 49. Ra8 Rd3 50. Bc3+ Kf7
51. Rxa4 Rd1+ 52. Ne1 Bxe1 53. Rd4 Rc1 54. Bxe1 Rxe1+ 55. Kf2 Rc1 56. Rd2 Rc4 57. Ke3 Re4+ 58. Kd3 Kf6 59. Kc3 Ke5 60. b4 Kd6
61. Kb3 Re5 62. Kc4 g5 63. Ra2 Re4+ 64. Kc3 f4 65. Rd2 g4 66. Rd1 f3 67. gxf3 gxf3 68. b5 Kc5 69. Rf1 Rf4 70. Kd2 f2
71. Ke2 Kxb5 72. Rb1+ Kc4 73. Kf1 Kxd5 74. Rb5+ Ke4 75. Rb6 Rf6 76. Rb4+ Kd3 77. Rb5 Kd4 78. Rb4+ Kc3 79. Re4 e6 80. Re2 Kd3
81. Re5 Kd4 82. Ra5 e5 83. Ra4+ Kc3 84. Ra3+ Kb4 85. Re3 Rf5 86. Re4+ Kc3 87. Ra4 Rf4 88. Ra3+ Kd4 89. Ra4+ Kd5 90. Ra5+ Ke4
0-1

[Event "S01"]
[Site "SchemingMind.com"]
[Date "2011.05.23"]
[Round "-"]
[White "BlackRussian"]
[Black "otsenrechess"]
[Result "0-1"]
[WhiteCountry "GBR"]
[BlackCountry "HUN"]
[WhiteElo "2191"]
[WhiteRD "61"]
[BlackElo "2301"]
[BlackRD "51"]
[GameID "284888"]

1. e4 c5 2. Nf3 Nc6 3. d4 cxd4 4. Nxd4 Nf6 5. Nc3 e5 6. Ndb5 d6 7. Bg5 a6 8. Bxf6 gxf6 9. Na3 b5 10. Nd5 f5
11. Bd3 Be6 12. O-O Bxd5 13. exd5 Ne7 14. Nxb5 Bg7 15. Nc3 e4 16. Be2 Ng6 17. Qd2 O-O 18. a4 Re8 19. a5 f4 20. Ra4 Bxc3
21. bxc3 Qg5 22. Kh1 Re5 23. Rd4 Rc8 24. Rb1 Rc5 25. c4 Re8 26. Re1 f5 27. Rb1 Qf6 28. Qc3 Rxa5 29. Bh5 Rc5 30. Qa1 Qg7
31. c3 a5 32. Qa4 Rec8 33. Be2 Kh8 34. Qa1 Rg8 35. f3 exf3 36. Bxf3 Ne5 37. Rg1 Rxc4 38. Rxc4 Nxc4 39. Qc1 Qe5 40. Re1 Ne3
41. Qa3 Ra8 42. h3 Nc2 43. Rxe5 Nxa3 44. Rxf5 a4 45. Rxf4 Nb5 46. Be2 Nxc3 47. Bc4 a3 48. Rf6 Rc8 49. Bb3 Rb8 50. Bc4 Rb4
0-1

[Event "S01"]
[Site "SchemingMind.com"]
[Date "2011.05.23"]
[Round "-"]
[White "michel"]
[Black "otsenrechess"]
[Result "0-1"]
[WhiteCountry "CAN"]
[BlackCountry "HUN"]
[WhiteElo "1979"]
[WhiteRD "59"]
[BlackElo "2309"]
[BlackRD "76"]
[GameID "284889"]

1. Nf3 c5 2. c4 Nc6 3. d4 cxd4 4. Nxd4 e5 5. Nb5 d6 6. N1c3 a6 7. Na3 Nf6 8. Bg5 Be7 9. Nc2 O-O 10. e3 Be6
11. Be2 Rc8 12. Qd2 Na5 13. b3 b5 14. cxb5 Qc7 15. Bxf6 gxf6 16. Nd1 Qxc2 17. Qxa5 axb5 18. Qxb5 e4 19. Bh5 f5 20. Qe2 Bf6
21. Qxc2 Rxc2 22. Rb1 Rb8 23. O-O Rxa2 24. b4 Bc4 25. Re1 Rc2 26. f3 Ba2
0-1

[Event "S01"]
[Site "SchemingMind.com"]
[Date "2011.05.29"]
[Round "-"]
[White "GBEDARD"]
[Black "Aumonde"]
[Result "1-0"]
[WhiteCountry "USA"]
[BlackCountry "USA"]
[WhiteElo "2256"]
[WhiteRD "79"]
[BlackElo "1977"]
[BlackRD "70"]
[GameID "285161"]

1. e4 e5 2. Nf3 Nf6 3. Nxe5 d6 4. Nf3 Nxe4 5. d4 d5 6. Bd3 Bd6 7. O-O O-O 8. Re1 Re8 9. c4 c6 10. Nc3 Nxc3
11. bxc3 dxc4 12. Bg5 Rxe1+ 13. Qxe1 Qf8 14. Bxc4 Nd7 15. Bd3 Nb6 16. c4 c5 17. d5 Bd7 18. Rb1 f6 19. Bh4 Re8 20. Qa5 Ra8
21. Bg3 Qb8 22. Bxd6
1-0

[Event "S01"]
[Site "SchemingMind.com"]
[Date "2011.05.28"]
[Round "-"]
[White "GBEDARD"]
[Black "mi_di"]
[Result "1/2-1/2"]
[WhiteCountry "USA"]
[BlackCountry "MEX"]
[WhiteElo "2256"]
[WhiteRD "79"]
[BlackElo "2311"]
[BlackRD "76"]
[GameID "285162"]

1. e4 e5 2. Nf3 Nc6 3. Bb5 a6 4. Ba4 Nf6 5. O-O Be7 6. Re1 b5 7. Bb3 O-O 8. c3 d6 9. h3 Nb8 10. d4 Nbd7
11. Nbd2 Bb7 12. Bc2 Re8 13. Nf1 Bf8 14. Ng3 g6 15. a4 Bg7 16. Qd3 d5 17. Bg5 dxe4 18. Nxe4 exd4 19. Nxf6+ Nxf6 20. Rxe8+ Qxe8
21. Re1 Qd7 22. Qxd4 Nd5 23. Qc5 Bf8 24. Qd4 Bg7 25. Qc5 Bf8 26. Qd4 Bg7 27. Qc5
1/2-1/2

[Event "S01"]
[Site "SchemingMind.com"]
[Date "2011.05.29"]
[Round "-"]
[White "GBEDARD"]
[Black "krtsip"]
[Result "1-0"]
[WhiteCountry "USA"]
[BlackCountry "POL"]
[WhiteElo "2242"]
[WhiteRD "94"]
[BlackElo "1895"]
[BlackRD "75"]
[GameID "285163"]

1. e4 e6 2. d4 d5 3. Nc3 Bb4 4. e5 c5 5. a3 Bxc3+ 6. bxc3 Ne7 7. Qg4 Kf8 8. a4 b6 9. Nf3 h6 10. Ba3 Qc7
11. Bd3 Ba6 12. O-O Bxd3 13. cxd3 Nd7 14. c4 Qc6 15. Rfc1 Kg8 16. dxc5 bxc5 17. d4
1-0

[Event "S01"]
[Site "SchemingMind.com"]
[Date "2011.06.02"]
[Round "-"]
[White "GBEDARD"]
[Black "Yellow"]
[Result "1-0"]
[WhiteCountry "USA"]
[BlackCountry "INT"]
[WhiteElo "2205"]
[WhiteRD "83"]
[BlackElo "2277"]
[BlackRD "69"]
[GameID "285164"]

1. e4 e5 2. Nf3 Nc6 3. Bb5 a6 4. Ba4 Nf6 5. O-O Be7 6. Re1 b5 7. Bb3 d6 8. c3 O-O 9. h3 h6 10. d4 Re8
11. Nbd2 Bf8 12. Nf1 Bb7 13. Ng3 Nh5 14. Nxh5 Na5 15. Ng3 Nxb3 16. axb3 exd4 17. cxd4 Qf6 18. d5 c6 19. Nh5 Qe7 20. dxc6 Bxc6
21. Nd4 Bb7 22. Qg4 Bc8 23. Qf3 Bb7 24. Bd2 Bxe4 25. Qg4 f5 26. Nxf5 Bxf5 27. Qxf5 Qf7 28. Qg4 Kh7 29. Rxe8 Rxe8 30. Rxa6 Qg6
31. Qf3 Kg8 32. Ra7 Re5 33. g4 Rxh5 34. Ra8 Qf7 35. Qxf7+ Kxf7 36. gxh5 Be7 37. Ra7 Ke6 38. Bc3 Bf6 39. Bxf6
1-0

[Event "S01"]
[Site "SchemingMind.com"]
[Date "2011.05.28"]
[Round "-"]
[White "GBEDARD"]
[Black "BlackRussian"]
[Result "1-0"]
[WhiteCountry "USA"]
[BlackCountry "GBR"]
[WhiteElo "2256"]
[WhiteRD "79"]
[BlackElo "2191"]
[BlackRD "57"]
[GameID "285165"]

1. e4 c5 2. Nf3 Nc6 3. d4 cxd4 4. Nxd4 Nf6 5. Nc3 e5 6. Ndb5 d6 7. Bg5 a6 8. Na3 b5 9. Nd5 Be7 10. Bxf6 Bxf6
11. c3 O-O 12. Nc2 Bg5 13. a4 bxa4 14. Rxa4 a5 15. Bc4 Bd7 16. O-O Nb4 17. Ra1 Nxd5 18. Bxd5 Rb8 19. Rb1 Qb6 20. Re1 Qc5
21. Qh5 h6 22. h4 Bf6 23. Ne3 a4 24. g4 Be6 25. Bxe6 fxe6 26. g5 Bd8 27. Qg6 hxg5 28. hxg5 Qa7 29. Ng4 Qe7 30. Re3 Qe8
31. Nh6+ Kh8 32. Nf7+ Kg8 33. Rh3 Rxf7 34. Qh5 Kf8 35. g6 a3 36. b4 a2 37. Ra1 Ra8 38. gxf7 Qxf7 39. Qe2 Qa7 40. Rh8+ Ke7
41. Qh5 Bb6 42. Qg6
1-0

[Event "S01"]
[Site "SchemingMind.com"]
[Date "2011.05.28"]
[Round "-"]
[White "GBEDARD"]
[Black "otsenrechess"]
[Result "1/2-1/2"]
[WhiteCountry "USA"]
[BlackCountry "HUN"]
[WhiteElo "2256"]
[WhiteRD "79"]
[BlackElo "2318"]
[BlackRD "63"]
[GameID "285166"]

1. e4 c5 2. Nf3 Nc6 3. d4 cxd4 4. Nxd4 e5 5. Nb5 d6 6. N1c3 a6 7. Na3 b5 8. Nd5 Nf6 9. Bg5 Be7 10. Bxf6 Bxf6
11. c3 O-O 12. Nc2 Bg5 13. a4 bxa4 14. Rxa4 a5 15. Bc4 Rb8 16. Ra2 Ne7 17. Nce3 Kh8 18. O-O Nxd5 19. Nxd5 f5 20. exf5 Bxf5
21. Qe2 Bd7 22. Bd3 g6 23. c4 Be6 24. Be4 Rb3 25. g3 Qb8 26. Qc2 a4 27. Rb1 Bd7 28. Ra3 Qa7 29. h4 Bh6 30. Rxb3 axb3
31. Qe2 Qc5 32. Ra1 Bh3 33. Rd1 Rc8 34. Bd3=
1/2-1/2

[Event "S01"]
[Site "SchemingMind.com"]
[Date "2011.05.28"]
[Round "-"]
[White "GBEDARD"]
[Black "michel"]
[Result "1-0"]
[WhiteCountry "USA"]
[BlackCountry "CAN"]
[WhiteElo "2242"]
[WhiteRD "94"]
[BlackElo "2019"]
[BlackRD "61"]
[GameID "285167"]

1. e4 e5 2. Nf3 Nc6 3. Bb5 a6 4. Ba4 Nge7 5. O-O g6 6. c3 Bg7 7. d4 b5 8. Bb3 exd4 9. cxd4 O-O 10. Bg5 Na5
11. Bc2 d6 12. h3 f6 13. Bf4 d5 14. Nc3 Be6 15. Re1 Re8 16. b3 Rc8 17. Qd2 c5 18. exd5 Bxd5 19. Rxe7 Rxe7 20. Nxd5
1-0

[Event "S01"]
[Site "SchemingMind.com"]
[Date "2011.05.30"]
[Round "-"]
[White "Aumonde"]
[Black "GBEDARD"]
[Result "0-1"]
[WhiteCountry "USA"]
[BlackCountry "USA"]
[WhiteElo "1977"]
[WhiteRD "70"]
[BlackElo "2256"]
[BlackRD "79"]
[GameID "285168"]

1. d4 Nf6 2. c4 e6 3. Nc3 c5 4. d5 exd5 5. cxd5 d6 6. Nf3 g6 7. Bf4 a6 8. e4 Bg7 9. Bd3 b5 10. O-O O-O
11. h3 Re8 12. a3 Bb7 13. Re1 Qb6 14. Qd2 Nbd7 15. b3 Nh5 16. Bh2 Rac8 17. Rab1 Ne5 18. Nxe5 Bxe5 19. Bxe5 Rxe5 20. a4 b4
21. Nd1 Rce8
0-1

[Event "S01"]
[Site "SchemingMind.com"]
[Date "2011.05.30"]
[Round "-"]
[White "mi_di"]
[Black "GBEDARD"]
[Result "1/2-1/2"]
[WhiteCountry "MEX"]
[BlackCountry "USA"]
[WhiteElo "2311"]
[WhiteRD "76"]
[BlackElo "2256"]
[BlackRD "79"]
[GameID "285169"]

1. e4 d6 2. d4 Nf6 3. Nc3 g6 4. Be3 c6 5. Qd2 b5 6. f3 Nbd7 7. g4 Nb6 8. h4 h5 9. g5 Nfd7 10. d5 Ne5
11. dxc6 Nbc4 12. Bxc4 Nxc4 13. Qd4 Rg8 14. Nge2 Bg7 15. Qd3 Ba6 16. Nd5 Bxb2 17. Rb1 e6 18. Nb4 Bc8 19. a4 Qa5 20. Qb3 Bg7
21. Bd4 Bxd4 22. Nxd4 Qxa4 23. Ke2 Qa5 24. Rhd1 Rb8 25. Ra1 Qb6 26. c7 Qxc7 27. Nbc6 a6 28. Nxb8 Qxb8 29. Qb4 d5 30. Qc5 Bb7
31. Nb3 dxe4 32. fxe4 Qf4 33. Qd4 Qg4+ 34. Kf1 Qf3+ 35. Ke1 Qh1+ 36. Ke2 Qg2+ 37. Ke1 Qh1+=
1/2-1/2

[Event "S01"]
[Site "SchemingMind.com"]
[Date "2011.05.30"]
[Round "-"]
[White "krtsip"]
[Black "GBEDARD"]
[Result "0-1"]
[WhiteCountry "POL"]
[BlackCountry "USA"]
[WhiteElo "1894"]
[WhiteRD "75"]
[BlackElo "2205"]
[BlackRD "83"]
[GameID "285170"]

1. Nf3 Nf6 2. c4 c5 3. g3 b6 4. Bg2 Bb7 5. O-O g6 6. Nc3 Bg7 7. Re1 Ne4 8. Nxe4 Bxe4 9. d4 Rg8 10. Be3 Nc6
11. d5 Nb4 12. Nd2 Bxg2 13. Kxg2 Bxb2 14. Rb1 Bg7 15. Qa4 e6 16. a3 Na2 17. Qb3 Nc3 18. Rbc1 exd5 19. cxd5 Qf6 20. a4 Kf8
21. a5 Rc8 22. axb6 axb6 23. Nb1 Nxb1 24. Rxb1 Qd6 25. Qxb6 Qxd5+ 26. Kg1 Bd4 27. Bxd4 cxd4 28. Red1 Kg7 29. Rxd4 Qe5 30. Rxd7 Rb8
0-1

[Event "S01"]
[Site "SchemingMind.com"]
[Date "2011.06.02"]
[Round "-"]
[White "Yellow"]
[Black "GBEDARD"]
[Result "1-0"]
[WhiteCountry "INT"]
[BlackCountry "USA"]
[WhiteElo "2277"]
[WhiteRD "69"]
[BlackElo "2205"]
[BlackRD "83"]
[GameID "285171"]

1. Nf3 Nf6 2. c4 e6 3. d4 c5 4. Nc3 cxd4 5. Nxd4 Nc6 6. a3 Bc5 7. e3 O-O 8. b4 Be7 9. Bb2 b6 10. Nxc6 dxc6
11. Qxd8 Rxd8 12. Be2 Ba6 13. Rd1 Rxd1+ 14. Kxd1 c5 15. b5 Bb7 16. f3 Rd8+ 17. Kc2 Ne8 18. a4 Nd6 19. Bd3 Bg5 20. Re1 Nf5
21. Bxf5 exf5 22. a5 Bh4 23. Rd1 Rxd1 24. Nxd1 bxa5 25. Ba3 Be7 26. Nb2 g5 27. Na4 g4 28. Bxc5 Bxc5 29. Nxc5 gxf3 30. gxf3 Bxf3
31. Nb3 a4 32. Nd4 Be2 33. Nxe2
1-0

[Event "S01"]
[Site "SchemingMind.com"]
[Date "2011.05.28"]
[Round "-"]
[White "BlackRussian"]
[Black "GBEDARD"]
[Result "1/2-1/2"]
[WhiteCountry "GBR"]
[BlackCountry "USA"]
[WhiteElo "2208"]
[WhiteRD "62"]
[BlackElo "2205"]
[BlackRD "83"]
[GameID "285172"]

1. e4 g6 2. d4 Bg7 3. Nf3 d6 4. Be2 Nf6 5. Nc3 O-O 6. O-O c6 7. Bf4 Nbd7 8. Qd3 c5 9. d5 Qb6 10. Rab1 a6
11. h3 Re8 12. Qe3 Qa5 13. a3 b5 14. Ra1 Bb7 15. Rfe1 Rad8 16. Red1 Qc7 17. Bh2 Nb6 18. Bf4 e6 19. dxe6 Rxe6 20. Ng5 Re7
21. Qd2 h6 22. e5 hxg5 23. exf6 Bxf6 24. Bxd6 Rxe2 25. Bxc7 Rdxd2 26. Nxe2 Rxe2 27. Bxb6 Bxb2 28. Ra2 Bd4 29. Rxd4 cxd4 30. Bxd4 f5
31. Rb2 Bd5 32. Bf6 Kf7 33. Bxg5 Re1+ 34. Kh2 Ra1 35. Kg3 Rxa3+ 36. f3 Bc4 37. Rb1 Ra2 38. Rc1 a5 39. Be3 Be6 40. h4 b4
41. Kf4 Bd7 42. Bb6 a4 43. Bc5 b3 44. cxb3=
1/2-1/2

[Event "S01"]
[Site "SchemingMind.com"]
[Date "2011.05.28"]
[Round "-"]
[White "otsenrechess"]
[Black "GBEDARD"]
[Result "1-0"]
[WhiteCountry "HUN"]
[BlackCountry "USA"]
[WhiteElo "2315"]
[WhiteRD "53"]
[BlackElo "2230"]
[BlackRD "82"]
[GameID "285173"]

1. e4 g6 2. d4 Bg7 3. c4 d6 4. Nc3 e5 5. Nf3 exd4 6. Nxd4 Nc6 7. Be3 Nge7 8. h4 f5 9. h5 fxe4 10. Nxe4 Nf5
11. Bg5 Qd7 12. Nxf5 gxf5 13. Nf6+ Bxf6 14. Bxf6 Rg8 15. Qd5 Qe6+ 16. Kd2 Kf8 17. Qxe6 Bxe6 18. h6 Rg4 19. Bg7+ Kf7 20. b3 Rd8
21. g3 d5 22. c5 Rb4 23. Be2 d4 24. Rae1 d3 25. Bh5+ Ke7 26. Bg6 hxg6 27. h7 Re4 28. Rxe4 fxe4 29. Rh4 Bf5 30. h8=Q Rxh8
31. Bxh8 b5 32. Bc3 Kd7 33. Ke3 b4 34. Bf6 g5 35. Rh5 Ke6 36. Bxg5 Ne5 37. Bf4 Ng4+ 38. Kd2 c6 39. Rh8 Kd5 40. Rd8+ Kxc5
41. Bd6+ Kb5 42. Rb8+ Ka6 43. Rf8 Bh7 44. Bxb4 Ne5 45. Bc3 Nf3+ 46. Ke3 Kb5 47. Rb8+ Kc5 48. Rb7 Bg6 49. Rxa7 Kd5 50. a4 Kc5
51. g4 Nh4 52. a5 Ng2+ 53. Kd2 Kb5 54. Rb7+ Ka6 55. Rb6+ Ka7 56. Rxc6 Nh4 57. f4 Kb7 58. Re6 Ka8 59. f5 Bf7 60. Rxe4 Bxb3
61. Kxd3
1-0

[Event "S01"]
[Site "SchemingMind.com"]
[Date "2011.05.30"]
[Round "-"]
[White "michel"]
[Black "GBEDARD"]
[Result "0-1"]
[WhiteCountry "CAN"]
[BlackCountry "USA"]
[WhiteElo "1979"]
[WhiteRD "59"]
[BlackElo "2205"]
[BlackRD "83"]
[GameID "285174"]

1. Nf3 Nf6 2. c4 c5 3. Nc3 e6 4. a3 b6 5. d4 cxd4 6. Nxd4 Bb7 7. Bg5 a6 8. e3 Be7 9. Qd3 Nc6 10. Nxc6 Bxc6
11. Rd1 O-O 12. Be2 Bxg2 13. Rg1 Bc6 14. Rg3 Rc8 15. Rh3 h6 16. Bf4 b5 17. cxb5 axb5 18. Bd6 Bxd6 19. Qxd6 Nd5 20. Ne4 Qa5+
21. Kf1 b4 22. axb4 Qa4 23. Nc3 Qc2 24. e4 Nxc3 25. Rxc3 Qxb2 26. Re3 Rb8 27. b5 Bxb5 28. Bxb5 Qxb5+ 29. Kg2 Rb7 30. Rdd3 Qc4
31. Rc3 Qa4 32. Ra3 Qc2 33. Rac3 Qb1 34. Qd4 f5 35. exf5 Rxf5 36. Rg3 d5 37. Rce3 Qb2
0-1

[Event "S01"]
[Site "SchemingMind.com"]
[Date "2011.06.02"]
[Round "-"]
[White "docjan"]
[Black "Aumonde"]
[Result "1-0"]
[WhiteCountry "SWE"]
[BlackCountry "USA"]
[WhiteElo "2270"]
[WhiteRD "57"]
[BlackElo "1977"]
[BlackRD "70"]
[GameID "285520"]

1. e4 d5 2. exd5 Qxd5 3. Nc3 Qa5 4. d4 c6 5. Nf3 Bf5 6. Bc4 Nf6 7. O-O e6 8. Nh4 Bg4 9. Qd3 Nbd7 10. h3 Bh5
11. Bd2 Bb4 12. Rfe1 O-O 13. g4 Bg6 14. Nxg6 hxg6 15. a3 Bxc3 16. Qxc3 Qxc3 17. Bxc3 Rfd8 18. Kg2 Nb6 19. Bb3 a5 20. a4 Nc8
21. f3 Ne7 22. h4 Rd7 23. Re5 b6 24. Kg3 Rad8 25. Rae1 Ned5 26. Bd2 Ne7 27. Be3
1-0

[Event "S01"]
[Site "SchemingMind.com"]
[Date "2011.06.01"]
[Round "-"]
[White "docjan"]
[Black "mi_di"]
[Result "1/2-1/2"]
[WhiteCountry "SWE"]
[BlackCountry "MEX"]
[WhiteElo "2270"]
[WhiteRD "57"]
[BlackElo "2311"]
[BlackRD "76"]
[GameID "285521"]

1. e4 e5 2. Nf3 Nc6 3. Bb5 a6 4. Ba4 Nf6 5. O-O Be7 6. Re1 b5 7. Bb3 O-O 8. c3 d6 9. h3 Nb8 10. d4 Nbd7
11. Nbd2 Bb7 12. Bc2 Re8 13. Nf1 Bf8 14. Bg5 h6 15. Bh4 exd4 16. cxd4 g5 17. Nxg5 hxg5 18. Bxg5 Bg7 19. Ng3 c5 20. Nf5 cxd4
21. Qxd4 Rc8 22. Rac1 Nc5 23. Bb1 Ne6 24. Qd2 Rxc1 25. Qxc1 Qc7 26. Qxc7 Nxc7 27. Nxd6 Rb8 28. Nxb7 Rxb7 29. Rd1 Ne6=
1/2-1/2

[Event "S01"]
[Site "SchemingMind.com"]
[Date "2011.06.01"]
[Round "-"]
[White "docjan"]
[Black "GBEDARD"]
[Result "1-0"]
[WhiteCountry "SWE"]
[BlackCountry "USA"]
[WhiteElo "2224"]
[WhiteRD "64"]
[BlackElo "2205"]
[BlackRD "83"]
[GameID "285522"]

1. e4 d6 2. d4 Nf6 3. Nc3 g6 4. f4 Bg7 5. Nf3 c5 6. Bb5+ Bd7 7. e5 Ng4 8. Bxd7+ Qxd7 9. h3 cxd4 10. Qxd4 Nh6
11. Qf2 dxe5 12. Nxe5 Qe6 13. O-O Nc6 14. Nb5 Rc8 15. Re1 Bxe5 16. fxe5 Nf5 17. g4 Ng7 18. Nd6+ exd6 19. exd6 Ne5 20. Bf4 f6
21. Bxe5 fxe5 22. Rxe5 Qxe5 23. Re1 Qxe1+ 24. Qxe1+ Kd7 25. Qe7+ Kc6 26. Qxg7 Kxd6 27. Qxb7 Rxc2 28. Qf7 Rcc8 29. Qxa7 Rb8 30. a4 Rhc8
31. Qd4+ Ke6 32. Qe4+ Kd6 33. Qf4+ Kd5 34. b3 Rb6 35. Qd2+ Kc6 36. b4 Kc7 37. a5 Rd6 38. Qe3 Kd7 39. Kg2 h5 40. b5 hxg4
41. hxg4 Rc4 42. Qf3 Rdd4 43. Kg3 g5 44. b6 Kd6 45. b7 Kc7 46. a6 Rb4 47. Qc3+ Rbc4 48. Qa5+ Kc6 49. Qxg5
1-0

[Event "S01"]
[Site "SchemingMind.com"]
[Date "2011.06.02"]
[Round "-"]
[White "docjan"]
[Black "krtsip"]
[Result "1-0"]
[WhiteCountry "SWE"]
[BlackCountry "POL"]
[WhiteElo "2224"]
[WhiteRD "64"]
[BlackElo "1894"]
[BlackRD "75"]
[GameID "285523"]

1. d4 e6 2. c4 Nf6 3. Nf3 Bb4+ 4. Nc3 O-O 5. e3 d5 6. Be2 c5 7. O-O Nc6 8. cxd5 exd5 9. dxc5 Bxc5 10. h3 a6
11. a3 Ba7 12. Qc2 Qe7 13. Rd1 Rd8 14. Nd4 Nxd4 15. exd4 Ne4 16. Be3 Bf5 17. Bd3 Nxc3 18. Qxc3 Rac8 19. Qd2 Bxd3 20. Qxd3 Rc4
21. b3 Rc6 22. a4 Qb4 23. Rac1 Rdc8 24. Rxc6 Rxc6 25. Qf5 Qxb3 26. Rb1
1-0

[Event "S01"]
[Site "SchemingMind.com"]
[Date "2011.06.06"]
[Round "-"]
[White "docjan"]
[Black "Yellow"]
[Result "1/2-1/2"]
[WhiteCountry "SWE"]
[BlackCountry "INT"]
[WhiteElo "2270"]
[WhiteRD "57"]
[BlackElo "2278"]
[BlackRD "68"]
[GameID "285524"]

1. d4 d5 2. c4 e6 3. Nf3 Nf6 4. Bg5 Be7 5. e3 h6 6. Bh4 O-O 7. Be2 dxc4 8. Bxc4 c5 9. O-O cxd4 10. Nxd4 Qb6
11. Qb3 Qxb3 12. Bxb3 Bd7 13. Nc3 Nc6 14. Rad1 Rfd8 15. Bg3 Nxd4 16. Rxd4 Bc6 17. Rfd1 Rxd4 18. Rxd4 b5 19. a3 Rc8 20. f3 a5
21. Bd6 Kf8 22. Bxe7+ Kxe7 23. Kf2 Nd7 24. Bd1 e5 25. Rd2 b4 26. axb4 axb4 27. Nd5+ Bxd5 28. Rxd5 Rc5 29. Rd2 Rc1 30. Ke2 Nc5
31. Rc2 Rxc2+ 32. Bxc2 h5 33. e4 h4 34. Ke3 f6 35. Bd3 Ne6 36. Bc4 Nd4 37. g3 g5 38. f4 Kd6 39. f5 Kc5 40. b3=
1/2-1/2

[Event "S01"]
[Site "SchemingMind.com"]
[Date "2011.06.03"]
[Round "-"]
[White "docjan"]
[Black "BlackRussian"]
[Result "1-0"]
[WhiteCountry "SWE"]
[BlackCountry "GBR"]
[WhiteElo "2270"]
[WhiteRD "57"]
[BlackElo "2191"]
[BlackRD "57"]
[GameID "285525"]

1. d4 Nf6 2. c4 e6 3. Nc3 d5 4. Bg5 Be7 5. Nf3 h6 6. Bh4 O-O 7. e3 Ne4 8. Bxe7 Qxe7 9. Qc2 Nxc3 10. Qxc3 Nc6
11. Be2 Bd7 12. O-O a5 13. a3 a4 14. Rac1 Rfc8 15. Rfd1 f6 16. Bd3 Na5 17. cxd5 exd5 18. Re1 Nb3 19. Rcd1 Qd6 20. Bc2 Bg4
21. e4 dxe4 22. Rxe4 Bh5 23. Rde1 Qc6 24. Re7 Qxc3 25. bxc3 Bxf3 26. gxf3 Nd2 27. Kg2 Nc4 28. Bf5 Kf8 29. Bxc8 Rxc8 30. R7e2 Nxa3
31. Rb2 Rb8 32. Ra1 Nc4 33. Rb4 Nb6 34. c4 Kf7 35. Kf1 Ke6 36. c5 Nd5 37. Rbxa4 Nf4 38. Ra8 Rxa8 39. Rxa8 Kd5 40. Rd8+ Kc4
41. Rd7 Nd5 42. c6 b5 43. Rxg7 Kxd4 44. Ke2 Kc5 45. Rh7 Kxc6 46. Rxh6 Kd7 47. Rh7+ Ke6 48. Kd2 Kf5 49. Rg7
1-0